Countess Billie : (Record no. 156629)
[ view plain ]
| 000 -LEADER | |
|---|---|
| fixed length control field | 01019cam3a220022900 4500 |
| 001 - CONTROL NUMBER | |
| control field | lce00037614 |
| 008 - FIXED-LENGTH DATA ELEMENTS--GENERAL INFORMATION | |
| fixed length control field | 750908s1973 rh a b 000 0ceng |
| 010 ## - LIBRARY OF CONGRESS CONTROL NUMBER | |
| LC control number | 75316831 |
| 035 ## - SYSTEM CONTROL NUMBER | |
| System control number | (Sirsi) r101688 |
| 035 ## - SYSTEM CONTROL NUMBER | |
| System control number | (DLC) 75316831 |
| 035 ## - SYSTEM CONTROL NUMBER | |
| System control number | (UPRA)lce00037614 |
| 050 0# - LIBRARY OF CONGRESS CALL NUMBER | |
| Classification number | CT1018.L28 |
| Item number | C37 |
| 082 ## - DEWEY DECIMAL CLASSIFICATION NUMBER | |
| Classification number | 944/.36/0810924 |
| -- | B |
| 100 1# - MAIN ENTRY--PERSONAL NAME | |
| Personal name | Cary, Robert. |
| Linkage | A59675.1 |
| 245 10 - TITLE STATEMENT | |
| Title | Countess Billie : |
| Remainder of title | the intriguing story of Fanny Pearson and Edmond, vicomte de la Panouse / |
| Statement of responsibility, etc. | by Robert Cary. |
| 260 ## - PUBLICATION, DISTRIBUTION, ETC. | |
| Place of publication, distribution, etc. | Salisbury, Rhodesia : |
| Name of publisher, distributor, etc. | Galaxie Press, |
| Date of publication, distribution, etc. | 1973. |
| 504 ## - BIBLIOGRAPHY, ETC. NOTE | |
| Bibliography, etc. note | Bibliography: p. 216. |
| 600 10 - SUBJECT ADDED ENTRY--PERSONAL NAME | |
| Personal name | La Panouse, Fanny Pearson, vicomtesse de, 1872-1965. |
| Titles and other words associated with a name | La Panouse, Fanny Pearson, vicomtesse de, 1872-1965. |
| Dates associated with a name | La Panouse, Fanny Pearson, vicomtesse de, 1872-1965. |
| Linkage | S46030.1 |
| 600 10 - SUBJECT ADDED ENTRY--PERSONAL NAME | |
| Personal name | La Panouse, Edmond, vicomte de, 1845-1918. |
| Titles and other words associated with a name | La Panouse, Edmond, vicomte de, 1845-1918. |
| Dates associated with a name | La Panouse, Edmond, vicomte de, 1845-1918. |
| Linkage | S46031.1 |
| 949 ## - LOCAL PROCESSING INFORMATION (OCLC) | |
| a | CT1018.L28 |
| w | lcc |
| i | -144743 |
| m | MAIN |
| t | BOOK |
| l | ON-SHELF |
No items available.